00650nam a2200193Ia 4500008004100000020001300041082001400054100002400068245005200092250000800144260003600152300002700188500001900215600002100234650005000255942000700305952012900312999001500441240925s9999 xx 000 0 und d a74634917 a005.1 GOT aGottfried, Byron S. 0aSOS Theory and Problems of Programming Wiith C  a2nd aNew York:bMc Graw HIllc,1996. axx,433p.bNAfOriginal aIncludes Index aComputer Science aComputer science, information & general works cBK 001040708CSaUITUbUITUd2005-03-18eRoyal Book Companyg225.00l0o005.1 GOTpQ6157r2024-09-25 07:14:06w2024-09-25yBK c8656d8656